000 00609cam a22002053a 4500
001 41243
003 PGUSA
005 20140828083929.0
008 121030s2012||||xxu|||||s|||||000 | eng d
040 _aPGUSA
_beng
042 _adc
100 1 _aBrooks, Stratton D.
_q(Stratton Duluth),
_d1869-1949
245 1 0 _aBrooks's Readers :
_bFirst Year
_h[electronic resource] /
_cStratton D. Brooks
260 _bProject Gutenberg,
_c2012
506 _aPublic domain in the USA.
516 _aElectronic text
830 0 _aProject Gutenberg
_v41243
856 4 0 _uhttp://www.gutenberg.org/ebooks/41243
942 _cEB
999 _c270495
_d270495